01050nam a2200217Ia 4500003000400000005001700004008004100021040002100062041000800083082002500091100003300116245011100149250001800260260006700278300002800345505031000373650003200683650005300715700002800768700003600796OSt20210724015513.0210310t1987 ck gr 000 0 spa d aCO-JMCRcCO-JMCR0 aspa04a332.72 /bM539m12231 aMendoza, Jorge Luis, eautor10aManual de crédito para vivienda / cLuis Jorge Mendoza, Gonzalo Palau, Germán E. Sarmiento [y 1 más] a2a. edición aBogotá : bEdiciones Bancarias y Financieras Ltda., c©1987 a98 páginas ; c23 cm.0 aOrganismos de financiación vinculados al sector de la construcción -- Recursos financieros disponibles para la construcción y adquisición de vivienda -- Financiación para construcción -- Crédito para compra de vivienda -- La fiducia inmobiliaria como alternativa -- Sistema de amortización14aVivienda y estadozColombia24aCrédito inmobiliarioxFinanciaciónzColombia1 aPalau, Gonzalo, eautor1 aSarmiento, Germán E., eautor